<?xml version="1.0" encoding="UTF-8"?>
<record
    xmlns:xsi="http://www.w3.org/2001/XMLSchema-instance"
    xsi:schemaLocation="http://www.loc.gov/MARC21/slim http://www.loc.gov/standards/marcxml/schema/MARC21slim.xsd"
    xmlns="http://www.loc.gov/MARC21/slim">

  <leader>01277nam a22002057a 4500</leader>
  <controlfield tag="005">20210414114012.0</controlfield>
  <controlfield tag="008">120613t        xxu||||| |||| 00| 0 eng d</controlfield>
  <datafield tag="020" ind1=" " ind2=" ">
    <subfield code="a">97880072967258</subfield>
  </datafield>
  <datafield tag="050" ind1=" " ind2=" ">
    <subfield code="a">HF5694.S57</subfield>
  </datafield>
  <datafield tag="100" ind1=" " ind2=" ">
    <subfield code="a">Slater, Jeffrey,</subfield>
  </datafield>
  <datafield tag="245" ind1=" " ind2=" ">
    <subfield code="a">Practical business math procedures. /</subfield>
    <subfield code="c">Jeffrey Slater.</subfield>
  </datafield>
  <datafield tag="250" ind1=" " ind2=" ">
    <subfield code="a">8th edition</subfield>
  </datafield>
  <datafield tag="260" ind1=" " ind2=" ">
    <subfield code="a">Boston :</subfield>
    <subfield code="b">McGraw-Hill Irwin,</subfield>
    <subfield code="c">2006.</subfield>
  </datafield>
  <datafield tag="300" ind1=" " ind2=" ">
    <subfield code="a">xv, 321 + various pagings :</subfield>
    <subfield code="b">ill.;</subfield>
    <subfield code="c">30 cm. </subfield>
  </datafield>
  <datafield tag="500" ind1=" " ind2=" ">
    <subfield code="a">Accompanied by: Business math handbook and study guide. 107 p. : ill. ; 28 cm.</subfield>
  </datafield>
  <datafield tag="500" ind1=" " ind2=" ">
    <subfield code="a">Includes index.</subfield>
  </datafield>
  <datafield tag="505" ind1=" " ind2=" ">
    <subfield code="a">Contents: Whole numbers; how to dissect and solve word problems -- Fractions -- Decimals -- Banking -- Solving for the unknown: A how-to approach for solving equations -- Percents and their applications -- Discounts: trade and cash -- Markups and markdowns; insight into perishables -- Payroll -- Simple interest -- Promissory notes, simple discount notes and the discount process -- Compound interest and present value - Appendix A: Try it again: a complete set of additional practice quizzes - Appendix B: Additional homework assignments by learning unit - Appendix C: Check figures - Appendix D: Glossary.</subfield>
  </datafield>
  <datafield tag="650" ind1=" " ind2=" ">
    <subfield code="a">Business mathematics</subfield>
    <subfield code="x">Problems, exercises, etc.</subfield>
  </datafield>
  <datafield tag="942" ind1=" " ind2=" ">
    <subfield code="2">lcc</subfield>
    <subfield code="c">BK</subfield>
  </datafield>
  <datafield tag="999" ind1=" " ind2=" ">
    <subfield code="c">1287</subfield>
    <subfield code="d">8787</subfield>
  </datafield>
  <datafield tag="952" ind1=" " ind2=" ">
    <subfield code="0">0</subfield>
    <subfield code="1">0</subfield>
    <subfield code="2">lcc</subfield>
    <subfield code="4">0</subfield>
    <subfield code="7">0</subfield>
    <subfield code="a">WIUC-1</subfield>
    <subfield code="b">WIUC-1</subfield>
    <subfield code="c">GEN</subfield>
    <subfield code="d">2012-06-13</subfield>
    <subfield code="l">0</subfield>
    <subfield code="o">HF5694.S57</subfield>
    <subfield code="p">3107/12</subfield>
    <subfield code="r">2012-06-13 00:00:00</subfield>
    <subfield code="t">1</subfield>
    <subfield code="w">2012-06-13</subfield>
    <subfield code="y">BK</subfield>
  </datafield>
  <datafield tag="952" ind1=" " ind2=" ">
    <subfield code="0">0</subfield>
    <subfield code="1">0</subfield>
    <subfield code="2">lcc</subfield>
    <subfield code="4">0</subfield>
    <subfield code="7">0</subfield>
    <subfield code="a">WIUC-1</subfield>
    <subfield code="b">WIUC-1</subfield>
    <subfield code="c">GEN</subfield>
    <subfield code="d">2012-06-13</subfield>
    <subfield code="l">0</subfield>
    <subfield code="o">HF5694.S571</subfield>
    <subfield code="p">3108/12</subfield>
    <subfield code="r">2012-06-13 00:00:00</subfield>
    <subfield code="t">2</subfield>
    <subfield code="w">2012-06-13</subfield>
    <subfield code="y">BK</subfield>
  </datafield>
  <datafield tag="952" ind1=" " ind2=" ">
    <subfield code="0">0</subfield>
    <subfield code="1">0</subfield>
    <subfield code="2">lcc</subfield>
    <subfield code="4">0</subfield>
    <subfield code="7">0</subfield>
    <subfield code="a">WIUC-1</subfield>
    <subfield code="b">WIUC-1</subfield>
    <subfield code="c">GEN</subfield>
    <subfield code="d">2012-06-13</subfield>
    <subfield code="l">0</subfield>
    <subfield code="o">HF5694.S572</subfield>
    <subfield code="p">3109/12</subfield>
    <subfield code="r">2012-06-13 00:00:00</subfield>
    <subfield code="t">3</subfield>
    <subfield code="w">2012-06-13</subfield>
    <subfield code="y">BK</subfield>
  </datafield>
  <datafield tag="952" ind1=" " ind2=" ">
    <subfield code="0">0</subfield>
    <subfield code="1">0</subfield>
    <subfield code="2">lcc</subfield>
    <subfield code="4">0</subfield>
    <subfield code="7">0</subfield>
    <subfield code="a">WIUC-1</subfield>
    <subfield code="b">WIUC-1</subfield>
    <subfield code="c">GEN</subfield>
    <subfield code="d">2012-06-13</subfield>
    <subfield code="l">0</subfield>
    <subfield code="o">HF5694.S573</subfield>
    <subfield code="p">3110/12</subfield>
    <subfield code="r">2012-06-13 00:00:00</subfield>
    <subfield code="t">4</subfield>
    <subfield code="w">2012-06-13</subfield>
    <subfield code="y">BK</subfield>
  </datafield>
  <datafield tag="952" ind1=" " ind2=" ">
    <subfield code="0">0</subfield>
    <subfield code="1">0</subfield>
    <subfield code="2">lcc</subfield>
    <subfield code="4">0</subfield>
    <subfield code="7">0</subfield>
    <subfield code="a">WIUC-1</subfield>
    <subfield code="b">WIUC-1</subfield>
    <subfield code="c">GEN</subfield>
    <subfield code="d">2012-06-13</subfield>
    <subfield code="l">0</subfield>
    <subfield code="o">HF5694.S574</subfield>
    <subfield code="p">3111/12</subfield>
    <subfield code="r">2012-06-13 00:00:00</subfield>
    <subfield code="t">5</subfield>
    <subfield code="w">2012-06-13</subfield>
    <subfield code="y">BK</subfield>
  </datafield>
</record>
